000 00683nam a2200253Ia 4500
003 OSt
005 20221005082205.0
006 a|||||r|||| 00| 0
007 ta
008 221004b |||||||| |||| 00| 0 hin d
020 _a8126005238
024 _a29301
037 _cTextual
040 _aCRL
_cCRL
_bhin
041 _2hin
_ahin
082 _aO114,3NMT,IS, 152N8
100 _aTikkanen Swedish
_9611646
245 0 _aIs sadi ki prem kahani
260 _aNew Delhi
_bSahiya Akademi India
_c1998
300 _a140p.
_ccm.
650 _aENGLISH LITERATURE
942 _hO114,3NMT,IS, 152N8
_cTEXL
_2cc
999 _c988872
_d988872